Between 2 other cities (Europe) Quiz Stats

 Plays Quiz not verified by Sporcle

Challenge
Share
Tweet
Embed
Score 0/20 Timer 06:00
0 Plays Today
Route City % Correct
E19 between Amsterdam and ParisBrussels, Belgium
82.4%
E15 between London and BarcelonaParis, France
80.9%
E59 between Prague and ZagrebVienna, Austria
76.5%
E05 between Paris and SevillaMadrid, Spain
76.5%
E30 between the Hague and MinskBerlin, Germany
75%
E15 between Edinburgh and BarcelonaLondon, United Kingdom
75%
E35 between Amsterdam and RomeMilan, Italy
72.1%
E67 between Tallin and Warsaw (a.k.a. Via Baltica)Riga, Latvia
70.6%
E75 between Gdansk and AthensBudapest, Hungary
64.7%
E50 between Paris and BrnoPrague, Czechia
64.7%
Route City % Correct
E52 betwen Strasbourg and MunichStuttgart, Germany
61.8%
E20 between Manchester and St. PetersburgStockholm, Sweden
54.4%
E70 between Turin and BucharestBelgrade, Serbia
51.5%
E80 between Lisbon and IstanbulRome, Italy
44.1%
E79 between Miskolc and ThessalonikiSofia, Bulgaria
42.6%
E40 between Calais and Chinese border (Ridder, KZ)Kyiv, Ukraine
33.8%
E85 between Klaipeda and Alexandroupoli, GRBucharest, Romania
33.8%
E105 between Kirkenes and YaltaMoscow, Russia
27.9%
E44 between Le Havre and KoblenzLuxembourg, Luxembourg
17.6%
E24 between Birmingham and IpswichCambridge, United Kingdom
14.7%

You're not logged in!

Compare scores with friends on all Sporcle quizzes.
Join for Free
OR
Log In

You Might Also Like...

Show Comments

Extras

Top Quizzes Today


Score Distribution

Your Account Isn't Verified!

In order to create a playlist on Sporcle, you need to verify the email address you used during registration. Go to your Sporcle Settings to finish the process.

Report this User

Report this user for behavior that violates our Community Guidelines.

Details: